000 00678nam a2200205Ii 4500
003 JO-AjNU
008 230605s9999||||xx |||||||||||||| ||und||
040 _aJO-AjNU
_bara
_erda
_cJO-AjNU
041 _aara
050 1 4 _aKBP3791.M8378.2007
100 3 _a حسني ، محمود نجيب ,
_eauthor
_944853
245 0 0 _aالفقة الجنائي الإسلامي " الجريمة "
250 _aط1
264 3 1 _aالقاهرة : دار النهضة العربية ، 2007
300 _a570ص
336 _atext
_btxt
_2rdacontent
337 _aunmediated
_bn
_2rdamedia
338 _avolume
_bnc
_2rdacarrier
650 4 _aالجنايات (فقه إسلامي) 
_944854
999 _aA19399
_c22967
_d22967